00486 2200193 4500001002100000005001500021035002000036007000300056008004100059020001800100082000800118084001400126100001600140245003800156260004800194300002800242990001000270990001200280INLIS00000000001103820220316105937 a0010-0322000217ta220316 g 0 ind  a9786020239330 a813 a813 DEA t0 aDEASYLAWATI1 aThe half romance /cDeasylawati P aJakarta :bPT. Elex Media Komputindo,c2014 aviii, 238 hlm. ;c18 cm a14697 a14.697a